| 000 | 00553nam a2200181Ia 4500 | ||
|---|---|---|---|
| 003 | GCL | ||
| 008 | 140319s9999 xx 000 0 ara d | ||
| 040 |
_aGCL / _cGCL |
||
| 082 | 0 | 4 |
_a001.6425 _bف ا |
| 100 | 1 | _aفاروق سيد حسين | |
| 245 | 1 | 0 |
_aالانترنيت: الشبكة الدولية للمعلومات THE INTERNET / _cفاروق سيد حسين |
| 300 | _a168 ص | ||
| 490 | _a | ||
| 650 | 0 | 4 | _aالحاسبات الالكترونية |
| 650 | 0 | 4 | _aشبكات المعلومات |
| 650 | 0 | 4 | _aالإنترنت |
| 942 |
_2ddc _cBK |
||
| 999 |
_c47844 _d47844 |
||